000 00562nam a2200205Ia 4500
005 20250508170026.0
008 008 250505s9999 xx 000 0 eng d
020 _a978-93-528-0613-3
037 _aTextual
040 _aFEDL
_beng
_cFEDL
041 _aeng
_2eng
084 _a370.15, HAR
_qFEDL
100 _aHarris W T
245 0 _aPsychologic foundartions of education
260 _aNew Delhi, India
_bSarup Book Publishers
_c2018
300 _a259p.
365 _aINR
_b800
942 _cTEXL
_h370.15, HAR
999 _c1398744
_d1398744